000 00849nam a2200253Ia 4500
003 OSt
005 20220923221138.0
006 a|||||r|||| 00| 0
007 ta
008 220922b |||||||| |||| 00| 0 hin d
024 _a195,602
037 _cTextual
040 _aARTS
_cARTS
_bhin
041 _2hin
_ahin
082 _aO152:g(R3), K9
100 _aमेघ, रमेशमुन्तल
245 0 _aआधुनिकता बोध और आधुनिकीकरण
246 _aĀdhunikatā bodh aur ādhunikīkaraṇa
260 _aदिल्ली
_b अक्षर प्रकाशन
300 _a448पृ.
_ccm.
650 _aहिन्दी साहित्य
_9156264
942 _hO152:g(R3), K9
_cTEXL
_2CC
999 _c347746
_d347746